| 000 | 00359 a2200133 4500 | ||
|---|---|---|---|
| 245 |
_aByzantine Athens, 10th-12th centuries _hprint |
||
| 020 | _a9781472479907 (hardb | ||
| 100 | _aManolis Chatzidakis | ||
| 650 | _aProgramming | ||
| 005 | 20191017174034.0 | ||
| 260 |
_aenk _c2017 |
||
| 084 | _aDF275 .B678 2017 | ||
| 300 |
_apages cm _bpages cm _cpages cm |
||
| 500 | _aCharalambos Bouras. | ||
| 999 |
_c11078 _d11078 |
||